000 00721nam a2200241Ia 4500
003 OSt
005 20220923213533.0
006 a|||||r|||| 00| 0
007 ta
008 220922b |||||||| |||| 00| 0 hin d
024 _a162,688
037 _cTextual
040 _aARTS
_cARTS
_bhin
041 _2hin
_ahin
082 _aO152:3M80:64, J0
100 _aप्रेमचंद
_9156277
245 0 _aसमरयात्रा और राजनीतिक कहानियां
246 _aSamarayātrā aur rājanītik kahāniyāan
250 _aसंस्क 8
260 _c1950
942 _hO152:3M80:64, J0
_cTEXL
_2CC
999 _c317168
_d317168